Strategic Marketing Planning (Record no. 33537)
[ view plain ]
| 000 -LEADER | |
|---|---|
| fixed length control field | 00472nam a22001937a 4500 |
| 005 - DATE AND TIME OF LATEST TRANSACTION | |
| control field | 20230926105507.0 |
| 008 - FIXED-LENGTH DATA ELEMENTS--GENERAL INFORMATION | |
| fixed length control field | 230913b |||||||| |||| 00| 0 eng d |
| 020 ## - INTERNATIONAL STANDARD BOOK NUMBER | |
| ISBN | 9780170128650 |
| 082 ## - DEWEY DECIMAL CLASSIFICATION NUMBER | |
| Classification number | 658.802 |
| Item number | REE-S |
| 100 ## - MAIN ENTRY--AUTHOR | |
| Author Name | Reed,Peter |
| 245 ## - TITLE STATEMENT | |
| Title | Strategic Marketing Planning |
| 250 ## - EDITION STATEMENT | |
| Edition statement | 2nd.ed |
| 260 ## - PUBLICATION, DISTRIBUTION, ETC. | |
| Place of Publication | India |
| Name of publisher, distributor, etc. | Cengage Learning |
| Date of publication, distribution, etc. | 2007 |
| 300 ## - PHYSICAL DESCRIPTION | |
| Pages | 316 |
| 500 ## - GENERAL NOTE | |
| General note | Include Index |
| 650 I# - SUBJECT ADDED ENTRY--TOPICAL TERM | |
| Subject / Department | Management/Marketing |
| 700 ## - ADDED ENTRY--PERSONAL NAME | |
| Personal name | Peter Reed |
| 952 ## - LOCATION AND ITEM INFORMATION (KOHA) | |
| -- | 0 |
| -- | 0 |
| Lost status | Damaged status | Permanent Location | Current Location | Shelving Location | Date acquired | Full Call Number | Accession No./Barcode | Date last seen | item type |
|---|---|---|---|---|---|---|---|---|---|
| Superior Information Resource Center (SIRC) Superior University- Main Campus | Superior Information Resource Center (SIRC) Superior University- Main Campus | Management | 09/13/2023 | 658.802 REE-S 2007 | 20423 | 09/13/2023 | BOOK |
